Loading...
| TR | 3 | 1 | 0 | 0 | 55 | 17 | 51.25 | 3 | 4 | 0.00 | 0.00 |
| RR | 2 | 2 | 0 | 1 | 50 | 30 | 73.00 | 1 | 2 | 0.00 | 0.00 |
| MB | 0 | 4 | 1 | 0 | 35 | 94 | 100.00 | 0 | 2 | 0.00 | 0.00 |
| RC | 2 | 1 | 1 | 0 | 35 | 70 | 80.67 | 1 | 3 | 0.00 | 0.00 |
| DM | 1 | 1 | 1 | 0 | 20 | 60 | 69.50 | 1 | 2 | 0.00 | 0.00 |
| AG | 1 | 1 | 2 | 0 | 15 | 64 | 79.50 | 1 | 2 | 0.00 | 0.00 |
| MV | 1 | 0 | 0 | 0 | 15 | 63 | 63.00 | 0 | 1 | 0.00 | 0.00 |
| AK | 1 | 0 | 1 | 0 | 10 | 17 | 17.00 | 0 | 1 | 0.00 | 0.00 |
| AW | 0 | 1 | 0 | 0 | 10 | 98 | 98.00 | 0 | 0 | 0.00 | 0.00 |
| AK | Cambodia | 15 | 17 |
| TR | oil | 15 | 17 |
| TR | South Dakota | 15 | 23 |
| RR | databases | 15 | 30 |
| TR | beaches | 15 | 34 |
| AG | Rock Hudson | -5 | 40 |
| AK | Farm Security Administration | -5 | 41 |
| AG | San Francisco | -5 | 48 |
| RR | King Philip's War | 15 | 49 |
| DM | routing | -5 | 57 |